00522nam a2200181 a 45000010010000000030011000100080041000210200014000620350026000761000025001022450040001272600058001673000015002254400021002405000017002616500032002788560030003100001-1186ELIB.Books150511 2010 eng  a091517023 a(ELIB.Books)0001-1341 aClifford, Richard J. aCreation in the Biblical Traditions aWashington, DCbThe Catholic Biblical Quarterlyc1969 a151c23 Cm aMonograph Series aC/o Moe Lwei aCrreation Biblical Teaching nKBTS: LibraryuKBTS: Elib